00446 2200169 4500001002100000005001500021035002000036008004100056245003400097100001600131260003800147300001300185084001700198082001100215650002600226990002400252INLIS00000000000059920231116032737 a0010-0823000599231116 0 ind 1 aMaulid Diba dan Terjemahannya aMoh Wahyudi aSurabaya :bIndah Surabaya,c1997 a100 hlm. a2x9.12 MOH m a2x9.12 4aSejarah Nabi Muhammad a0033/STITINKA/01/23